LEADER 01352nam a2200289 u 4500 001 000000011060 003 CaOOAMICUS 005 20070226105402.0 008 941103s1934 it u000 u lat u 035 $a10272949 040 $aPUL$bita 100 0 $aArnobius,$dm. c. 327.$0(OLS)http://pul/name/1715 240 10$aAdversus nationes$9(Arnobius, m. c. 327).$0(OLS)http://pul/title/2324 245 10$aArnobii Adversus Nationes libri VII /$cArnobii ; recensuit C. Marchesi. 260 $aAug. Taurinorum :$bin aedibus Io. Bapt. Paraviae et Sociorum,$c1934. 300 $ax, 435 p. ;$c19 cm 490 1 $aCorpus scriptorum Latinorum Paravianum ;$v62 700 1 $aMarchesi, Concetto,$d1878-1957.$0(OLS)http://pul/name/10192 740 0 $aAdversus nationes libri VII. 830 0$aCorpus scriptorum Latinorum Paravianum ;$v62.$0(OLS)http://pul/title/1509 850 $aPUL 852 $aPUL$W1$xSL Religione 1$y3$m21 E 11$j15658$nBK-PRI$b $qStampati$B15658$CPULBib$Z2$F15658 $H $81 900 $aArnobio di Sicca,$dm. c. 327$91715 941 1 $a8 996 $6245$aArnobii Adversus Nationes libri VII$9(OLS)http://pul/title/16081 996 $6740$aAdversus nationes libri VII$9(OLS)http://pul/title/2327 996 $6260$aAug. Taurinorum :$bin aedibus Io. Bapt. Paraviae et Sociorum$9(OLS)http://pul/publisher/53125 LEADER 01653namaa2200397 i 4500 001 000000178131 003 CaOOAMICUS 005 20251014122723.0 007 tu 008 251014s1985 it 000 u lat r 040 $aPUL$bita$erda 082 0 $a262.94 245 00$aCoram De Iorio decano sententiae selectae /$ca cura di Sebastiano Villeggiante e Adele Zannoni Messina]. 264 1$aRoma :$b[s.n.],$c[1985]$fTipografia Armellini 300 $a203 pagine, [1] c. di tav.:$britr. ;$c21 cm 336 $atesto$btxt$2rdacontent 337 $asenza mediazione$bn$2rdamedia 338 $avolume$bnc$2rdacarrier 490 1 $aSacra Romana Rota 500 $aMonitor Ecclesiasticus, suppl. 1985. 600 10$aDe Iorio, Arturo ,$cvescovo,$d1911-$0(OLS)http://pul/subject/47038 610 24$aTribunale della rota romana.$0(OLS)http://pul/subject/41986 700 1 $aVilleggiante, Sebastiano,$ecuratore.$0(OLS)http://pul/name/27498 700 1 $aZannoni Messina, Adele,$ecuratore.$0(OLS)http://pul/name/114617 830 0$aSacra Romana Rota.$0(OLS)http://pul/title/219688 850 $aPUL 852 $aPUL$W1$xDP1 Fondo Liberati$y125$m2 G 4$j157440$qFondi$B207196$CPULBib$Z2$F207196 $HLib154 $82 941 1 $a1 960 $aRomana Rota$941986 960 $aSacra romana rota$941986 960 $aRota romana$941986 960 $aRotae romanae tribunal$941986 996 $6082$a262.94$9(OLS)http://pul/classification/422 996 $6245$aCoram De Iorio decano sententiae selectae$9(OLS)http://pul/title/219687 996 $6264$aRoma :$b[s.n.]$9(OLS)http://pul/publisher/47958